000 01490nam a22002417a 4500
999 _c63429
_d63429
003 Ge_BSU
005 20251008145635.0
008 251008s2025 ge ||||| |||| 00| 0 geo d
020 _a9789941519055
041 _ageo
080 _a537.8(042.4) დ-43
100 _aდიასამიძე, ჟუჟუნა
_925962
245 _aელექტროდინამიკა :
_bლექციების კურსი /
_cჟუჟუნა დიასამიძე; რედაქტორები მზია დიასამიძე, ნუგზარ ღომიძე, მირანდა ხაჯიშვილი, იზოლდა ჯაბნიძე, ზურაბ შაშიკაძე; დიზაინერი ლუკა ხალვაში.
264 _aბათუმი :
_bბსუ,
_c2025.
300 _a170 გვ.;
_b27 სმ.
700 _aდიასამიძე, მზია
_eრედაქტორი
_911390
700 _aღომიძე, ნუგზარ
_eრედაქტორი
_91751
700 _aხაჯიშვილი, მირანდა
_eრედაქტორი
_911241
700 _aჯაბნიძე, იზოლდა
_eრედაქტორი
_914479
700 _a შაშიკაძე, ზურაბ
_eრედაქტორი
_925963
700 _aხალვაში, ლუკა
_eდიზაინერი
_925964
942 _2udc
_cᲬᲘᲒᲜᲘ